The Mortal Instruments - Statistics

General Stats
  • This quiz has been taken 958 times
  • The average score is 9 of 15
Answer Stats
Hint Answer % Correct
What is the name the first book? City of Bones
91%
What is the name of the Club Simon and Clary were in? The Pandemonium Club
79%
What is her brother's real name? Jonathan
76%
What is the name of Clary's step-father? Luke
76%
What are the names of the shadowhunters she first meets? Jace, Alec, and Isabelle
68%
What is the name of the High Warlock of Brooklyn? Magnus Bane
67%
What is the name of the Shadowunters' home land? Idris
65%
What is the name of the Prequel Series? The Infernal Devices
64%
What is the name of her dad? Valentine Morgenstern
58%
What is the real name of Clary's boyfriend? Jace Herondale
56%
What is Clary's mom's name? Jocelyn Fray
55%
What are the names of Simon's love interests? Isabelle and Maia
41%
What was the name of the first Shadowhunter? Jonathan Shadowhunter
39%
What is Clary's power? Creating Runes
36%
What is the name of the Shadowhunters' weapons? Seraph blades
36%
No matching quizzes found
Score Distribution
Percent of People with Each Score
Percentile by Number Answered
Your Score History
You have not taken this quiz